| 000 | 00648nas a2200253 4500 | ||
|---|---|---|---|
| 001 | BR8807276 | ||
| 003 | BR-BrBNA | ||
| 005 | 20231205091403.0 | ||
| 007 | ta | ||
| 008 | 230509b bl.|||p| |||| 00| 00por d | ||
| 040 |
_aBR-BrBNA _bpor _cBiblioteca Nacional de Agricultura |
||
| 041 | _a(Pt) | ||
| 072 | _aN10 | ||
| 100 | 1 | _aAnon. | |
| 245 | 1 | _aMadeira ou concreto? | |
| 650 | _aCURRAL | ||
| 650 | _aCUSTO | ||
| 650 | _aCONCRETO | ||
| 650 | _aMADEIRA | ||
| 650 | _aSAO PAULO | ||
| 773 | 0 |
_tGranja (Brazil) _xISSN 0367-505X _g(Aug 1988), v. 44(486) p. 24-26 _wBR8807276 |
|
| 909 |
_a202311 _bLúcia _c55 _dLúcia Elande |
||
| 942 |
_2AGRIS _n0 _cANA |
||
| 999 |
_c124739 _d124739 |
||